LEADER 01134nlm0 22003491i 450 001 990009690940403321 005 20131028112710.0 010 $a9780470376904$bonline 035 $a000969094 035 $aFED01000969094 035 $a(Aleph)000969094FED01 035 $a000969094 100 $a20130306h20082002km-y0itaa50------ba 101 0 $aeng 102 $aUS 135 $adrnn-008mamaa 200 1 $aOcular tumors in animals and humans$bRisorsa elettronica$fedited by Robert L. Peiffer, Jr. and Kenneth B. Simons 210 $aAmes, Iowa$cState University Press$d2008, c2002 230 $aDocumento elettronico 336 $aTesto 337 $aFormato html, pdf 610 0 $aOcchio$aNeoplasie$aFisiopatologia 610 0 $aOftalmologia veterinaria 676 $a616.99284 702 1$aSimons,$bKenneth B. 702 1$aPeiffer,$bRobert L. 801 0$aIT$bUNINA$gREICAT$2UNIMARC 856 4 $zFull text per gli utenti Federico II$uhttp://onlinelibrary.wiley.com/book/10.1002/9780470376904 901 $aEB 912 $a990009690940403321 996 $aOcular tumors in animals and humans$9843297 997 $aUNINA LEADER 01402oam 2200481zu 450 001 9910130938503321 005 20210807004643.0 010 $a1-118-66400-0 035 $a(CKB)3450000000004407 035 $a(SSID)ssj0000726563 035 $a(PQKBManifestationID)11398502 035 $a(PQKBTitleCode)TC0000726563 035 $a(PQKBWorkID)10674353 035 $a(PQKB)10633088 035 $a(PPN)178917346 035 $a(EXLCZ)993450000000004407 100 $a20160829d1993 uy 101 0 $aeng 181 $ctxt 182 $cc 183 $acr 200 00$aAuroral plasma dynamics 210 31$a[Place of publication not identified]$cAmerican Geophysical Union$d1993 225 0 $aGeophysical monograph Auroral plasma dynamics 300 $aBibliographic Level Mode of Issuance: Monograph 311 $a0-87590-039-9 606 $aAuroras 606 $aSpace plasmas 606 $aPlasma dynamics 606 $aEarth & Environmental Sciences$2HILCC 606 $aMeteorology & Climatology$2HILCC 615 0$aAuroras 615 0$aSpace plasmas 615 0$aPlasma dynamics 615 7$aEarth & Environmental Sciences 615 7$aMeteorology & Climatology 676 $a538/.768 702 $aLysak$b Robert L 801 0$bPQKB 906 $aBOOK 912 $a9910130938503321 996 $aAuroral plasma dynamics$92280182 997 $aUNINA